000 006330000a22002170004500
003 LK-CoMWRAF
005 20230920114505.0
008 230817t1986 ||||| |||| 00| 0 eng d
020 _a0460024698
040 _aLK-CoMWRAF
_dLK-CoMWRAF
_eLK-CoMWRAF
041 _aeng
082 _a363.3
_bBER
100 _aBerki, R.N
245 _aSecurity And Society:
_bReflections on Law, Order And Politics
260 _aLondon:
_bDent,
_c1986
300 _aix, 254 p. ; 23 cm.
_bBibliography and index included.
650 _aLAW-Philospohy
650 _aLaw enforcement -Political aspects -Great Britain
650 _aLiberty
942 _cBK
999 _c233
_d233